| 000 | 00552nam a22001457a 4500 | ||
|---|---|---|---|
| 008 | 151231b xxu||||| |||| 00| 0 eng d | ||
| 020 | _a9783527311941 | ||
| 082 |
_223 _a338.476655 _bOCI-O 2005 |
||
| 100 | _aOzren Ocic | ||
| 245 |
_aOil refineries in the 21st century _benergy efficient, cost effective, environmentally benign _cOcic, Ozren. |
||
| 260 |
_aWeinheim: _bWiley, _c2005. |
||
| 300 |
_ax. p.156, _bill. _c24cm. |
||
| 650 |
_aPetroleum industry and trade--Economic aspects _xPetroleum industry and trade--Energy conservation |
||
| 942 |
_2ddc _cBK |
||
| 999 |
_c355880 _d355880 |
||